000 00357nam a22001337a 4500
020 _a9788126537402
082 _a005.369
_bFIN/AU
100 _aFinkelstein,Ellen
_9620
245 _aAuto CAD 2013 & Auto CAD LT 2013 BIBLE
260 _aNew Delhi
_bWilet India Pvt.Ltd
_c2012
300 _a846
500 _aThe Comprehensive, Tutorial Resource
942 _cBK
999 _c14383
_d14383